000 00351nam a2200145Ia 4500
008 220919s9999 xx 000 0 und d
020 _a9789381991343
082 _bRAG
100 _aRAGHUNATH, M.R.
245 0 _aNUTRITION & FEEDING OF FISHES
260 _bSWASTIK PUBLICATIONS, DELHI
_c2013
300 _a264
650 _aZoology
942 _cBK
999 _c169328
_d169328